Cepheden meclise (Record no. 148)

MARC details
000 -BAŞLIK
Sabit Uzunlukta Kontrol Alanı 00804na a2200277 4500
001 - KONTROL NUMARASI
Denetim Alanı 14644
003 - KONTROL NUMARASI IDENTIFIER
Denetim Alanı MIRAKIL
005 - SON İŞLEM TARİHİ VE ZAMANI
Denetim Alanı 20181213154735.0
008 - SABİT-BOY VERİ ELEMANLARI - GENEL BİLGİLER
Sabit Uzunlukta Kontrol Alanı 160919b tu 000 0
020 ## - ULUSLARARASI STANDART KİTAP NUMARASI
Uluslararası Standart Kitap Numarası 9756786027
035 ## - SİSTEM KONTROL NUMARASI
Sistem Kontrol Numarası 14644
040 ## - KATALOGLAMA KAYNAK
Orijinal Kataloglama Ajansı Milas
Kataloglama Dili tur
Metne Dönüştürmek Ajansı TR-AnCHP
082 ## - DEWEY ONLU SINIFLANDIRMA NUMARASI
Sınıflandırma Numarası ATA 342.029
Ürün Numarası C36 1999
090 ## - SINIFLAMA NUMARASI
Sınıflama Numarası ATA 342.029 C36 1999
245 ## - BAŞLIK TABLOSU
Başlık Cepheden meclise
Sorumluluk Tablosu, Vb hazırlayanlar Hülya Yarar...[ve öte.]
260 ## - YAYIN, DAĞITIM, VB
Yayın, Dağıtım, Vb Yeri Ankara
Yayıncı, Dağıtıcı, Vs Adı Milli Savunma Bakanlığı
Yayın, Dağıtım, Vb Tarihi 1999
300 ## - FİZİKSEL TANIM
Kapsam viii, 448 s.
Diğer Fiziksel Ayrıntıları fotg.
Boyutlar 30 sm.
504 ## - KAYNAKÇA VB NOT
Kaynakça Vb Notu Kaynakça var.
600 ## - KONU KATMA GİRİŞ - KURUMSAL ADI
Kişisel Ad Atatürk, Mustafa Kemal
Bir Adıyla İlişkilendirilen Tarihler 1881-1938
650 ## - KONU KATMA GİRİŞ - TOPİKAL DÖNEM
Topikal Süreli Veya Coğrafi Ad Giriş Elemanı Anayasalar
Coğrafi Alt Bölümü Türkiye
650 ## - KONU KATMA GİRİŞ - TOPİKAL DÖNEM
Topikal Süreli Veya Coğrafi Ad Giriş Elemanı Anayasa
Genel Alt Bölümü Tarih
650 ## - KONU KATMA GİRİŞ - TOPİKAL DÖNEM
Topikal Süreli Veya Coğrafi Ad Giriş Elemanı TBMM
Genel Alt Bölümü Tarih
650 ## - KONU KATMA GİRİŞ - TOPİKAL DÖNEM
Topikal Süreli Veya Coğrafi Ad Giriş Elemanı Yasama organları
Genel Alt Bölümü Tarih
Coğrafi Alt Bölümü Türkiye
651 ## - KONU KATMA GİRİŞ - COĞRAFİ ADI
Coğrafi İsim Türkiye
Genel Alt Bölümü Anayasa tarihi
942 ## - EKLENDİ GİRİŞ ELEMANLARI (KOHA)
Sınıflandırma Veya Raf Düzeni Kaynak Dewey Decimal Classification
Koha Öğesi Türü Books
999 ## - SİSTEM KONTROL NUMARALARI (KOHA)
Koha Biblionumber 148
Koha Biblioitemnumber 148
Holdings
Kalıcı Konum Mevcut Konum Edinme Tarihi Edinim Kaynak Toplam Check-Out'Lar Tam Çağrı Numarası Barkod Tarih Son Görülme İtibaren Geçerli Fiyatlar Koha Öğesi Türü
CHP Kütüphanesi CHP Kütüphanesi 08/30/2016 Bağış   ATA 342.029 C36 1999 002646 08/30/2016 08/30/2016 Books